000
00301nam a22001337a 4500
008
171020b xxu||||| |||| 00| 0 eng d
020
_a
0471838225
041
_a
eng
080
_a
338
100
_a
54
101
_a
MEN
245
_a
FUNDAMENTALS OF SYSTEMS ANALYSIS
_c
FITZGERALD,J
942
_2
udc
_c
BK
999
_c
35173
_d
35173